Optické komunikace. 1984. Přenos informací na optických kmitočtech : 4. celostátní seminář, 1984 /
Saved in:
| Main Author: | |
|---|---|
| Corporate Author: | |
| Format: | Conference Proceeding Book |
| Language: | Czech |
| Published: |
Pardubice :
Dům techniky ČSVTS,
1984
|
| Subjects: | |
| Online Access: |
|
| Tags: |
Add Tag
No Tags, Be the first to tag this record!
|
MARC
| LEADER | 00000nam a2200000 4500 | ||
|---|---|---|---|
| 003 | SK-BrCVT | ||
| 005 | 20220617202519.0 | ||
| 008 | 991203s1984 cs e ||||||cze d | ||
| 035 | |a CVTIDW0952163 | ||
| 040 | |b slo |a CVTI SR | ||
| 041 | 0 | |a cze | |
| 044 | |a cs | ||
| 080 | |a 621.383 |2 UDC-MRF | ||
| 080 | |a 621.39 |2 UDC-MRF | ||
| 100 | 1 | |a Kuchar, Anton | |
| 111 | 0 | |a 4. celostátní seminář |f 1984 | |
| 245 | 1 | 0 | |a Optické komunikace. 1984. Přenos informací na optických kmitočtech : |b 4. celostátní seminář, 1984 / |c Autoři: Anton Kuchar a kol. |
| 260 | |a Pardubice : |b Dům techniky ČSVTS, |c 1984 | ||
| 300 | |a 123 s. | ||
| 653 | 1 | |a optika | |
| 910 | |b A436297 | ||
| 974 | |f Knihy | ||
| 992 | |a AZN | ||
| 999 | |c 112519 |d 112519 | ||